| 000 | 00491nam a22001817a 4500 | ||
|---|---|---|---|
| 003 | CEME | ||
| 005 | 20210628203158.0 | ||
| 008 | 210119b xxu||||| |||| 00| 0 eng d | ||
| 020 | _a81-7758-420-0 | ||
| 040 | _cceme | ||
| 082 | _a005.133 MOR | ||
| 100 |
_aMorrison, Michael _956812 |
||
| 245 | _aBeginning mobile phone , game programing | ||
| 260 |
_aNEW DELHI _bPEARSON EDUCATION ASIA _c2006 |
||
| 300 | _aXIV,505 P | ||
| 650 |
_aMOBILE PHONE GAME PROGRAMING _963791 |
||
| 942 |
_cBK _2ddc |
||
| 999 |
_c572506 _d572506 |
||